U.S. Parks From Space - Statistics

General Stats
  • This quiz has been taken 79 times
    78 since last reset
  • The average score is 14 of 25
Answer Stats
Picture Hint Answer % Correct
Crater Lake, Oregon
91%
El Capitan / Yosemite, California
84%
Olympic Peninsula, Washington
82%
Hawai'i Volcanoes
78%
Niagara Falls, New York (& Ontario)
78%
Arches, Utah
76%
Acadia / Mt. Desert Island, Maine
69%
Denali, Alaska
69%
Indiana Dunes
62%
Yellowstone, Wyoming
58%
Grand Canyon, Arizona
56%
Mt. St. Helens, Washington
56%
Devil's Tower, Wyoming
51%
Mississippi River Delta, Louisiana
51%
Mt. Rushmore, South Dakota
51%
Zion, Utah
47%
Bryce Canyon, Utah
44%
White Sands, New Mexico
42%
Badlands, South Dakota
40%
West is at the top. Death Valley, California
40%
Florida Everglades
29%
Great Sand Dunes, Colorado
29%
Lake Powell / Glen Canyon, Utah & Arizona
29%
West is at the top Grand Tetons / Jackson Hole, Wyoming
24%
Monument Valley, Arizona & Utah
18%
No matching quizzes found
Score Distribution
Percent of People with Each Score
Percentile by Number Answered
Your Score History
You have not taken this quiz since the last reset